[Podnikateľské rozhodovanie. Príklady]

Recenzia na vysokoškolský učebný text, ktorý je určený ako základná štúdijná literatúra na semináre z predmetu Podnikateľské rozhodovanie. Skriptá opisujú a poukazujú na súčasné vzdelávanie potreby v oblasti podnikateľského rozhodovania.

Enregistré dans:
Détails bibliographiques
Auteur principal: Hudáková, Ivana, 1976-
Format: Chapitre de livre
Langue:slovaque
Sujets:
Tags: Ajouter un tag
Pas de tags, Soyez le premier à ajouter un tag!

MARC

LEADER 00000naa a2200000 4500
001 0136178
005 20240502072526.3
041 0 |a slo 
044 |a SK 
245 1 0 |a [Podnikateľské rozhodovanie. Príklady]  |c Ivana Hudáková 
520 |a Recenzia na vysokoškolský učebný text, ktorý je určený ako základná štúdijná literatúra na semináre z predmetu Podnikateľské rozhodovanie. Skriptá opisujú a poukazujú na súčasné vzdelávanie potreby v oblasti podnikateľského rozhodovania. 
610 2 0 |a recenzie 
610 2 0 |a rozhodovanie strategické 
610 2 0 |a rozhodovanie podnikové 
610 2 0 |a prostredie podnikateľské 
100 1 |a Hudáková, Ivana, 1976-